01373 2200529 4500001002100000005001500021035002500036008004100061020002200102040001700124082001200141084001400153090001800167090002200185100001600207245005000223250001100273260004300284300004100327500003400368650002000402850001200422007000300434999002200437990002200459990001700481990001700498990001700515990001700532990001700549990001700566990001700583990001700600990001700617990001700634990002200651990001700673990001700690990001700707990001700724990001700741990001700758990001700775990001700792990001700809990001700826INLIS00000000001009620200514052209 a0010-081500000001534150813s2014 yoia g ind d a978-602-1107-16-4 aYOPDYOGbind04222a611 a611 GIR m aDEP 611 GIR m aCB-D.11 2014-17700 aGiri Wiarto00aMengenal fungsi tubuh manusia /cGiri Wiarto. aCet. 1 aYogyakarta :bGosyen Publishing,c2014 ax, 133 halaman :bilustrasi ;c19 cm aBibliografi : halaman 131-133 4aAnatomi manusia aYOPDYOGta aCB-D.11/2014-1770 aCB-D.11/2014-1770 a5219-KS/B.16 a5220-KS/B.16 a5221-KS/B.16 a5222-KS/B.16 a5223-KS/B.16 a5224-KS/B.16 a5225-KS/B.16 a5226-KS/B.16 a5227-KS/B.16 a5228-KS/B.16 aCB-D.11/2014-1770 a5219-KS/B.16 a5220-KS/B.16 a5221-KS/B.16 a5222-KS/B.16 a5223-KS/B.16 a5224-KS/B.16 a5225-KS/B.16 a5226-KS/B.16 a5227-KS/B.16 a5228-KS/B.16